Joint Parliamentary To Parliament By Minister For Finance Minister For Local Government And Rural Development & Ministry For Gender, Children And Social Protection On A Proposed SDR (Record no. 2084)
[ view plain ]
| 000 -LEADER | |
|---|---|
| fixed length control field | 01049nam a2200145Ia 4500 |
| 008 - FIXED-LENGTH DATA ELEMENTS--GENERAL INFORMATION | |
| fixed length control field | 240429s9999||||xx |||||||||||||| ||und|| |
| 041 ## - LANGUAGE CODE | |
| Language code of text/sound track or separate title | eng |
| 082 ## - DEWEY DECIMAL CLASSIFICATION NUMBER | |
| Classification number | PM/GPSNP/18 |
| 100 ## - MAIN ENTRY--PERSONAL NAME | |
| Personal name | Parliament of Ghana |
| 245 #0 - TITLE STATEMENT | |
| Title | Joint Parliamentary To Parliament By Minister For Finance Minister For Local Government And Rural Development & Ministry For Gender, Children And Social Protection On A Proposed SDR |
| -- | .1 Million Credit( Equivalent Of US |
| Linkage | 0.0 Million ) From The International Development Association (IDA) Of The World Bank Group To Finance The Proposed Ghana Productive Safety Net Project (GPSNP) |
| 300 ## - PHYSICAL DESCRIPTION | |
| Extent | 10p |
| 650 ## - SUBJECT ADDED ENTRY--TOPICAL TERM | |
| Topical term or geographic name entry element | Joint Parliamentary To Parliament By Minister For Finance Minister For Local Government And Rural De - elopment & Ministry For Gender, Children And Social Protection On A Proposed SDR |
| Materials specified | .1 Million Credit - Equivalent Of US |
| Linkage | 0.0 Million ) From The International Development Association (IDA) Of The World Ba - nk Group To Finance The Proposed Ghana Productive Safety Net Project (GPSNP) |
| 942 ## - ADDED ENTRY ELEMENTS (KOHA) | |
| Koha item type | Memorandum |
| Withdrawn status | Lost status | Damaged status | Not for loan | Home library | Current library | Shelving location | Date acquired | Total checkouts | Full call number | Date last seen | Copy number | Price effective from | Koha item type |
|---|---|---|---|---|---|---|---|---|---|---|---|---|---|
| Main Library | Main Library | Open Shelves | 14/12/2022 | PM/GPSNP/18 3978 C1 - PM/GPSNP/18 3979 C2 | 29/04/2024 | 1 | 29/04/2024 | Memorandum |